书目信息 |
| 题名: |
科技日语入门
|
|
| 作者: | ;张文凯 编译 ;美国维斯康星大学 , 日本东京大学 编 | |
| 分册: | ||
| 出版信息: | 北京 北京出版社 1985 |
|
| 页数: | 569页 | |
| 开本: | 20cm | |
| 丛书名: | ||
| 单 册: | ||
| 中图分类: | H36 | |
| 科图分类: | ||
| 主题词: | 日语--自学参考资料 | |
| 电子资源: | ||
| ISBN: | ||
| 000 | 00810nam0 2200265 45 | |
| 001 | 0185013954 | |
| 005 | 20040510151402.3 | |
| 010 | @dCNY3.50 | |
| 091 | @a7071.1051 | |
| 100 | @a19951031d1985 em y0chiy0121 ea | |
| 101 | 1 | @achi@ceng@cjpn |
| 102 | @aCN@b110000 | |
| 105 | @ay z 000yy | |
| 106 | @ar | |
| 200 | 10 | @a科技日语入门@Ake ji ri yu ru men@f美国维斯康星大学,日本东京大学编@g张文凯等编译 |
| 210 | @a北京@c北京出版社@d1985 | |
| 215 | @a569页@d20cm | |
| 606 | @a日语@x自学参考资料 | |
| 690 | @aH36@v3 | |
| 702 | 0 | @a张文凯@4编译@Azhang wen kai |
| 711 | 12 | @a美国维斯康星大学@4编@Amei guo wei si kang xing da xue |
| 711 | 02 | @a日本东京大学@4编@Ari ben dong jing da xue |
| 801 | 0 | @aCN@b深圳图书馆@c20040510 |
| 801 | 2 | @aCN@bNLC@c20040510 |
| 905 | @f5@b155495-499@dH36@e105@b151744-746@f3 | |
| 科技日语入门/美国维斯康星大学,日本东京大学编/张文凯等编译.-北京:北京出版社,1985 |
| 569页;20cm |
| ISBN :CNY3.50 |
| ● |
| 相关链接 |
|
|
|
|
正题名:科技日语入门
索取号:H36/105
 
预约/预借
| 序号 | 登录号 | 条形码 | 馆藏地/架位号 | 状态 | 备注 |
| 1 | 0151744 | 001056449 | 第四借阅区/ [索取号:H36/105] | 在馆 | |
| 2 | 0151745 | 001056430 | 第四借阅区/ [索取号:H36/105] | 在馆 | |
| 3 | 0151746 | 001056421 | 第二样本阅览室/ [索取号:H36/105] | 在馆 | |
| 4 | 0155495 | 001056458 | 第四借阅区/ [索取号:H36/105] | 在馆 | |
| 5 | 0155496 | 001056476 | 第四借阅区/ [索取号:H36/105] | 在馆 | |
| 6 | 0155497 | 001056467 | 第四借阅区/ [索取号:H36/105] | 在馆 | |
| 7 | 0155498 | 001056485 | 第四借阅区/ [索取号:H36/105] | 在馆 | |
| 8 | 0155499 | 001056494 | 第四借阅区/ [索取号:H36/105] | 在馆 |